| 000 | 00414nam a22001697a 4500 | ||
|---|---|---|---|
| 003 | CEME | ||
| 005 | 20210628203611.0 | ||
| 008 | 210316b xxu||||| |||| 00| 0 eng d | ||
| 020 | _a5-540-18745-6 | ||
| 040 | _c. | ||
| 082 | _a621.3692 NEU'S | ||
| 100 |
_aNeumann, E. G _966485 |
||
| 245 | _aSingle mode fibers , fundamentals | ||
| 260 |
_aNEWYORK _bSPRINGER VERLAG _c1988 |
||
| 300 | _a530P | ||
| 942 |
_cBK _2ddc |
||
| 999 |
_c574457 _d574457 |
||